000 00575nam a22002297a 4500
003 UA-OsUOA
001 43032
007 ta
008 20090506b un ||||| |||| 00| 0 ukr d
090 _a24/7
_bГ69
942 _cBK
040 _aUA-OsUOA
_bukr
_cUA-OsUOA
_dUA-OsUOA
245 _aГорі серця
300 _a261 с.
955 _a2
041 _aukr
080 _a24/7
260 _aПеремишль
_c2007
246 3 1 _aЛітургійний ювілейний співаник
_nЧ.2
650 7 _a2 Релігія. Теологія.
_2UDC
999 _c441507
_d441507